000 00389nam a22001457a 4500
003 OSt
008 210914b ||||| |||| 00| 0 eng d
020 _a9788189422752
082 _a363.70954
_bBAB/EN
100 _aBabar,M D.
_93155
245 _aEnvironmental changes and natural disasters
260 _aNew delhi ;
_bNew india publishing agency ,
_c2007.
300 _a330p.;
942 _cBK
999 _c15452
_d15452